Contabilidad superior
Saved in:
| Main Authors: | , |
|---|---|
| Format: | Bog |
| Sprog: | spansk |
| Udgivet: |
Santiago
SOELCO
1995
|
| Udgivelse: | 2a. ed |
| Fag: | |
| Tags: |
Tilføj Tag
Ingen Tags, Vær først til at tagge denne postø!
|
MARC
| LEADER | 00000nam a2200000 a 4500 | ||
|---|---|---|---|
| 001 | UCT5590 | ||
| 003 | CL-VaPUC | ||
| 008 | 961216e19950000CL |||||||||||||||||spa|d | ||
| 082 | 0 | 4 | |a 657.046 |b BOS |2 21 |
| 100 | 0 | |a Bosch Bousquet, Julio |e author |9 375146 | |
| 700 | 0 | |a Vargas Valdivia, Luis |e author |9 375147 | |
| 245 | 1 | 0 | |a Contabilidad superior |
| 250 | |a 2a. ed | ||
| 300 | |a 191 p | ||
| 942 | |c BK | ||
| 945 | |d 19961216 00:00:00 |a nastorga | ||
| 260 | |a Santiago |b SOELCO |c 1995 | ||
| 650 | 0 | |a Contabilidad |9 261430 | |
| 650 | 7 | |a ESTADOS FINANCIEROS |2 CL-VaPUC |9 375148 | |
| 650 | 0 | |a Política monetaria |9 258279 | |
| 650 | 0 | |a Inversiones |9 345867 | |
| 650 | 0 | |a Balances |9 356958 | |
| 650 | 7 | |a FINANCIAMIENTO |2 CL-VaPUC |9 358995 | |
| 650 | 0 | |a Impuestos |9 255450 | |
| 650 | 0 | |a Patrimonio |9 257770 | |
| 583 | |a last modification |c 19961216 00:00:00 |k Rodrigo Vera | ||
| 999 | |c 254489 |d 254487 | ||
| 952 | |0 0 |1 0 |4 0 |6 657_046000000000000_BOS_1995 |7 0 |8 A |9 276190 |a BIBGIM |b BIBGIM |d 2019-11-19 |i 3259919 |o 657.046 BOS 1995 |p 3259919 |r 2025-01-15 |w 2019-11-19 |y BK |k COM | ||